000
00291nam a22001337a 4500
008
170306b xxu||||| |||| 00| 0 eng d
020
_a
2900071280784
041
_a
eng
080
_2
7 ED
_a
611
100
_a
6
101
_a
SHM
245
_a
PHYSIOLOGY EXRCISE
_c
POWERS.S.K
942
_2
udc
_c
BK
999
_c
6846
_d
6846